[Event "ROU-chT Men Superliga 2018"]
[Site "Sovata"]
[Date "2018.11.29"]
[Round "6"]
[White "Visakh N R"]
[Black "Tarlev, Konstantin"]
[Result "1-0"]
[WhiteElo "2489"]
[BlackElo "2557"]
[Annotator "TA"]
[PlyCount "81"]
[EventDate "2018.11.24"]
[EventType "team-tourn"]
[EventCountry "ROU"]
[SourceTitle "playchess.com"]
[Source "ChessBase"]
[SourceQuality "1"]

{[%evp 25,81,9,10,10,15,10,8,3,18,18,18,18,27,35,103,103,103,103,103,103,103,100,99,103,106,99,102,101,106,97,99,99,92,91,107,99,197,197,197,197,197,197,197,208,198,188,214,191,192,183,484,484,778,699,29966,5925,29985,29985]} 1. d4 Nf6 2. c4 e6 3. Nf3 d5 4. Nc3 dxc4 5. e3 a6 6. Bxc4 b5 7. Bb3 Bb7 8. O-O c5 9. e4 {D27: Queen's Gambit Accepted: Classical main line: 7 e4!? and 7 a4} cxd4 10. Nxd4 Nc6 11. Nxc6 Qxd1 12. Rxd1 Bxc6 13. f3 Bc5+ {LiveBook: 7 Games} 14. Kf1 {[#]} O-O $146 ({Predecessor:} 14... h6 15. Bf4 O-O 16. Ne2 Rfc8 {½-½ (36) Zvjaginsev,V (2600)-Adianto,U (2590) Biel 1995}) 15. Bf4 Rfc8 16. Rac1 h6 17. Ne2 {[%cal Bc3e2,Be2d4,Bd4e6][%mdl 32]} Be8 18. Nd4 Bd7 19. e5 $36 {[%mdl 2048] White is pushing.} Nd5 {[#]} ({Black should try} 19... Bxd4 $14 20. Rxc8+ (20. Rxd4 Nd5 $11) 20... Bxc8) 20. Nxe6 $1 $16 {[%mdl 576] Remove Defender} Bxe6 21. Bxd5 Bxd5 22. Rxd5 Be7 23. Ke2 Rxc1 24. Bxc1 {[%mdl 4096] Endgame KRB-KRB} Rc8 25. Kd1 Rc6 26. b3 Kf8 27. Rd7 Ke8 28. Rb7 h5 29. g3 Rc3 30. f4 {[%cal Bf3f4,Bf4f5,Bf5e6][%mdl 32]} Rd3+ (30... g6 $16) 31. Ke2 $18 Rc3 32. Bd2 $1 Rc2 33. Kd3 Rxa2 {[#]} 34. f5 $1 Rb2 {[#]} 35. e6 $1 {Strongly threatening Rb8+.} fxe6 36. fxe6 {Threatening mate with Rb8+.} Bf6 37. b4 g5 $2 (37... Kf8 38. Be3 Rb3+ 39. Kd2 Rb2+ 40. Kc1 Rxh2) 38. Be3 {Bc5 is the strong threat.} Rb3+ (38... Rb1 $142 39. Bc5 Re1 40. Rb8+ Bd8) 39. Ke4 Rxb4+ 40. Kf5 (40. Kd5 $142 Kd8 41. Bc5 Kc8 42. Rf7 Rc4 43. Rxf6 Kc7 44. Rf7+ Kd8 45. Rf8+ Kc7 46. e7) 40... Bd8 41. Rh7 {Accuracy: White = 86%, Black = 43%.} 1-0

[Event "ROU-chT Men Superliga 2018"]
[Site "Sovata"]
[Date "2018.11.29"]
[Round "6"]
[White "Costachi, Mihnea"]
[Black "Andronescu, Madalin"]
[Result "1-0"]
[WhiteElo "2484"]
[BlackElo "2070"]
[Annotator "TA"]
[PlyCount "83"]
[EventDate "2018.11.24"]
[EventType "team-tourn"]
[EventCountry "ROU"]
[SourceTitle "playchess.com"]
[Source "ChessBase"]
[SourceQuality "1"]

{[%evp 15,83,0,0,-23,0,0,0,-33,28,-6,39,25,69,-25,42,27,114,100,96,91,132,130,131,130,134,132,137,126,136,123,127,110,117,99,179,179,170,163,165,166,154,142,173,165,214,143,318,296,419,408,533,543,534,533,536,540,1021,562,976,975,6127,6148,6148,6133,6126,6126,6126,6119,6111,5231]} 1. d4 Nf6 2. c4 g6 3. Nc3 Bg7 4. e4 d6 5. h3 O-O 6. Be3 c5 7. dxc5 {E71: King's Indian: 4 e4 d6 5 h3} dxc5 8. Qxd8 Rxd8 {LiveBook: 3 Games} 9. e5 {The position is equal.} Nfd7 (9... Ne8 {keeps more tension.} 10. f4 Nc6 11. Bxc5 b6 12. Be3 f6) 10. f4 $1 f6 11. exf6 exf6 (11... Nxf6 $15 12. Bxc5 Nc6) 12. g4 Nc6 13. O-O-O $1 {[#]} Re8 $146 ({Predecessor:} 13... Nb6 14. Rxd8+ Nxd8 {1-0 (26) Li,C (2725)-Lin,C (2514) Hangzhou 2018}) 14. Nd5 (14. Bf2 $1 $14) 14... Rb8 (14... Nb4 $11 15. Nxb4 cxb4) 15. Bg2 $14 Nd4 (15... Nb4 $11) 16. Bxd4 cxd4 {[#]} 17. Nf3 $1 Nb6 18. Nxb6 ({Don't play} 18. Rxd4 $6 Nxd5 19. cxd5 f5 $11) 18... axb6 19. Nxd4 Bd7 20. f5 gxf5 21. Bd5+ Kh8 22. Nxf5 Bf8 23. Bf7 Red8 24. Rh2 {And now Rhd2 would win.} Ba4 (24... Bxf5 $16 {was worth a try.} 25. gxf5 Rxd1+ 26. Kxd1 Kg7) 25. Rxd8 $18 Rxd8 {[%csl Ga4][%cal Rd8d1] [#]} 26. Rd2 $1 {[%cal Rd2d8]} Rc8 27. b3 Bc6 28. Bd5 Bb4 29. Rd3 Re8 30. Re3 Rd8 $2 (30... Bc5 $16 31. Rf3 b5 32. Bxc6 bxc6 33. cxb5 cxb5) 31. Re6 {[%mdl 64] Double Attack} Bxd5 (31... Rc8 {is a better defense.}) 32. cxd5 {[%cal Bc4d5,Bd5d6][%mdl 4128] Endgame KRB-KRN} Bc5 33. d6 {White is clearly winning.} Kg8 34. Rxf6 b5 35. h4 {[%cal Bh3h4,Bh4h5][%mdl 32]} Ra8 36. Kb1 Re8 37. h5 Rf8 38. Rxf8+ Kxf8 39. g5 {[%cal Bg4g5,Bg5g6][%mdl 32]} Kf7 40. d7 Bb6 41. Kc2 Ke6 42. g6 {Accuracy: White = 57%, Black = 29%.} 1-0

[Event "ROU-chT Men Superliga 2018"]
[Site "Sovata"]
[Date "2018.11.29"]
[Round "6"]
[White "Vedmediuc, Serghei"]
[Black "Istratescu, Andrei"]
[Result "1/2-1/2"]
[WhiteElo "2472"]
[BlackElo "2565"]
[Annotator "TA"]
[PlyCount "93"]
[EventDate "2018.11.24"]
[EventType "team-tourn"]
[EventCountry "ROU"]
[SourceTitle "playchess.com"]
[Source "ChessBase"]
[SourceQuality "1"]

{[%evp 16,93,27,30,30,29,28,29,23,4,30,27,22,9,52,54,55,0,0,0,0,0,0,0,0,0,0,0,0,0,23,0,10,0,0,0,7,0,0,0,0,0,12,0,0,0,66,0,0,0,0,0,0,0,0,-225,-52,-50,-50,-59,-60,-46,-12,-79,-93,-67,0,0,0,0,0,0,0,0,0,0,0,0,0,0]} 1. e4 c5 2. Nf3 Nc6 3. Bb5 e6 4. O-O Nge7 5. Re1 a6 6. Bf1 d5 7. exd5 Nxd5 8. d4 Nf6 9. Be3 Be7 {B30: Sicilian: 2...Nc6 3 Bb5, lines without ...g6} (9... Nd5 10. Bg5 f6 11. Bc1 cxd4 12. Nxd4 Nxd4 13. Qxd4 Bd6 14. g3 O-O 15. Bg2 Qc7 16. c3 Bc5 17. Qd3 {½-½ (70) Vidit,S (2711)-Lenic,L (2656) chess.com INT 2018}) 10. c4 O-O 11. Nc3 cxd4 {White has an edge.} 12. Nxd4 Bd7 13. Nf3 Qc7 14. Qb3 Ne5 15. Nxe5 $1 Qxe5 16. Bb6 $146 (16. Qxb7 $14 Rab8 17. Qa7) ({Predecessor:} 16. Qxb7 Rab8 17. Qa7 {1-0 (63) Roy Laguens,A (2238)-Freitas,R ICCF email 2013}) 16... Qg5 $11 17. Ne4 Nxe4 18. Rxe4 Bc6 19. Re3 Bd8 20. Rg3 Qf6 21. Rd1 Bxb6 22. Qxb6 a5 23. b3 (23. Rgd3 {with more complications.} Ra6 24. Qc5 Raa8 25. b3 Rfc8 26. Qb6) 23... Rfd8 24. Rgd3 Rxd3 25. Rxd3 g6 26. h3 Kg7 27. a3 Qb2 28. Qc5 e5 29. b4 axb4 30. axb4 e4 (30... Ra1 $11 31. Re3 Kg8 32. Qxe5 Qc1 33. Qb8+ Kg7 34. Qe5+ Kg8 35. Qb8+ Kg7 36. Qe5+ Kg8) 31. Rd4 ({White should try} 31. Rd6 $14) 31... Qc1 32. Qe5+ Kh6 $1 33. h4 f5 $36 {[%cal Bf7f5,Bf5f4,Bf4e3][%mdl 2080] Black has good play.} 34. Qg3 Ra1 35. Qe3+ $2 {[#]} (35. Kh2 $11 {and White has nothing to worry.}) 35... Qxe3 $2 (35... f4 $1 $19 36. Qe2 Qc3) 36. fxe3 $19 {[%mdl 4096] Endgame [#] KRB-KRB} f4 $1 {[%mdl 512]} 37. Kf2 (37. exf4 e3) 37... fxe3+ 38. Ke2 b5 {White must now prevent ...bxc4.} 39. Rd6 (39. Rd1 $11 {keeps the balance.} Ra3 40. Rd6) 39... Be8 $17 40. Rd1 Rxd1 (40... Ra3 $1 $15 41. Ke1 Rb3 42. cxb5 Rxb4) 41. Kxd1 $11 {The position is equal.} bxc4 42. Bxc4 $15 {KB-KB} Kh5 43. b5 {[%cal Bb4b5,Bb5b6,Bb6b7][%mdl 32]} Kxh4 44. Ke2 Kg3 45. b6 {Intending b7 and mate.} Bc6 46. Ba6 Kxg2 47. b7 {Accuracy: White = 51%, Black = 57%.} 1/2-1/2

[Event "ROU-chT Men Superliga 2018"]
[Site "Sovata"]
[Date "2018.11.29"]
[Round "6"]
[White "Miron, Lucian-Costin"]
[Black "Kuzubov, Yuriy"]
[Result "0-1"]
[WhiteElo "2465"]
[BlackElo "2660"]
[Annotator "TA"]
[PlyCount "62"]
[EventDate "2018.11.24"]
[EventType "team-tourn"]
[EventCountry "ROU"]
[SourceTitle "playchess.com"]
[Source "ChessBase"]
[SourceQuality "1"]

{[%evp 35,62,19,29,-12,-6,-24,0,-11,0,0,0,0,-3,-1,-8,-106,-106,-106,-110,-96,-104,-96,-103,-96,-96,-104,-110,-396,-383]} 1. e4 c5 2. Nf3 Nc6 3. d4 cxd4 4. Nxd4 Nf6 5. Nc3 e5 6. Ndb5 {[%cal Bd4b5,Bb5a3,Ba3c2,Bc2e3][%mdl 32]} d6 7. Bg5 a6 8. Na3 b5 9. Bxf6 gxf6 10. Nd5 f5 11. c3 Bg7 12. exf5 Bxf5 13. Nc2 O-O 14. Nce3 Be6 15. Bd3 f5 16. Bc2 Kh8 {B33: Sicilian: Pelikan and Sveshnikov Variations} (16... f4 17. Qh5 Rf7 18. Bxh7+ Kf8 19. Bf5 Qe8 20. Bxe6 Qxe6 21. Qg4 Qh6 22. Nf5 Qe6 23. Nfe3 Qh6 24. Nf5 {½-½ (24) Bachmann,A (2632)-Fier,A (2624) Maastricht 2016}) 17. Qh5 e4 18. Nf4 Qf6 {LiveBook: 3 Games. The position is equal.} 19. g4 {Threatens to win with g5.} (19. Ned5 {is more complex.} Bxd5 20. Nxd5 Qe6 21. Bb3 Ne5 22. O-O) 19... Ne7 {Strongly threatening ...fxg4.} 20. gxf5 (20. Nxe6 {is interesting.} Qxe6 21. gxf5 Nxf5 22. Bb3 Qf6 23. Nd5) 20... Bxf5 21. Nxf5 $146 ({Predecessor:} 21. Nfd5 Nxd5 22. Nxd5 Qe6 23. Bb3 Bg4 24. Qh4 Bf3 25. Rg1 {½-½ (33) Francis,G-Macha,J ICCF corr 1992}) 21... Qxf5 22. Qxf5 Rxf5 23. Bxe4 Re5 24. f3 Rf8 25. Nd3 (25. Ne2 $1 $11) 25... Re6 $17 {[%mdl 1024] ...Rxf3 is the strong threat. Black has strong compensation.} 26. O-O-O d5 {[%mdl 64] Trapped Piece} 27. Nc5 {[#]} Rc6 $1 {[%cal Rc6c5]} 28. Nd7 {[#]} Rd8 $1 $36 {[%mdl 2112] Trapped Piece. Black is really pushing.} 29. Bxd5 Rd6 {[%mdl 64] Double Attack} 30. Bb7 R8xd7 31. Bxa6 $2 {[%mdl 8192]} (31. Rxd6 $17 {was necessary.} Rxd6 32. Re1 Bh6+ 33. Kc2) 31... Nd5 0-1

[Event "ROU-chT Men Superliga 2018"]
[Site "Sovata"]
[Date "2018.11.29"]
[Round "6"]
[White "Morozov, Nichita"]
[Black "David, Alexandru-Vasile"]
[Result "1-0"]
[WhiteElo "2439"]
[BlackElo "2426"]
[Annotator "TA"]
[PlyCount "65"]
[EventDate "2018.11.24"]
[EventType "team-tourn"]
[EventCountry "ROU"]
[SourceTitle "playchess.com"]
[Source "ChessBase"]
[SourceQuality "1"]

{[%evp 14,65,17,16,28,0,0,0,-8,0,45,29,58,47,90,85,111,129,125,118,227,221,207,224,353,354,410,410,394,391,389,358,358,346,437,329,333,321,358,358,433,431,527,513,506,514,664,669,29984,29985,29985,29986,29983,6227]} 1. d4 Nf6 2. c4 e6 3. Nc3 Bb4 4. Nf3 O-O 5. g3 d5 6. Bg2 dxc4 7. a3 Be7 8. Ne5 Nc6 {A17: English Opening: 1...Nf6 with ...Bb4} 9. Nxc6 (9. Bxc6 bxc6 10. Nxc6 Qe8 11. Nxe7+ Qxe7 12. Qa4 c5 13. dxc5 Qxc5 14. Be3 Qc7 15. Rd1 Nd5 16. Bd4 {1-0 (88) Carlsen,M (2842)-Karjakin,S (2773) Saint Louis 2018}) 9... bxc6 10. Qa4 Qxd4 {The position is equal.} 11. Be3 Qg4 $146 ({Predecessor:} 11... Qd8 12. Bxc6 Bd7 13. Qxc4 Bxc6 14. Qxc6 Qd6 15. Qc4 Nd5 16. Bd4 {½-½ (27) Ftacnik,L (2515)-Djuric,S (2435) New York 1986}) 12. h3 Qh5 13. Qxc6 Rb8 {Hoping for ...Bb7.} 14. Qxc7 Bd7 15. g4 $36 {[%cal Bg3g4,Bg4g5][%mdl 2080] White is in control.} Qg6 16. O-O Rfe8 {[#]} (16... Rxb2 $16 17. Rfd1 Rd8) 17. Rfd1 $1 $18 Rbc8 {[#]} 18. Qb7 $1 (18. Qxa7 $6 Bc6 $16) 18... h5 (18... Red8 $142 19. Bxa7 (19. Qxa7 h5 $16) 19... h5 20. Rxd7 Nxd7) 19. g5 ({Less strong is} 19. Rxd7 Nxd7 20. gxh5 (20. Qxd7 hxg4 21. hxg4 Bf6 $16) 20... Qxh5 $18) (19. Bxa7 hxg4 20. hxg4 Rcd8 $14) 19... Bc5 20. Bxc5 (20. Rxd7 Nxd7 21. Qxd7 Red8 $14) ({Don't go for} 20. gxf6 $2 Bc6 $19) 20... Rxc5 21. h4 ({Not} 21. Rxd7 Rxg5 22. Rd6 Nd5 $11) 21... Rec8 {If Black can now play ...R5c7 this consolidates a bit.} 22. Rxd7 Nxd7 23. Qxd7 Qc2 24. Rb1 R5c7 25. Qd6 Qf5 26. Rd1 g6 27. Ne4 Kg7 28. Qd4+ e5 29. Qc3 Qf4 30. e3 Qxh4 31. Qxe5+ {White mates.} Kg8 32. Nf6+ Kf8 33. Nd5 {Accuracy: White = 96%, Black = 33%.} (33. Rd4 $142 c3 34. Nd5 Qxd4 35. Qxd4 Kg8 36. Nf6+ Kf8 37. Nd5 {[%mdl 64] Double Attack} Kg8 38. Nf6+ Kf8 39. bxc3) 1-0

[Event "ROU-chT Men Superliga 2018"]
[Site "Sovata"]
[Date "2018.11.29"]
[Round "6"]
[White "Cioara, Andrei-Nestor"]
[Black "Rogozenco, Dorian"]
[Result "1/2-1/2"]
[WhiteElo "2427"]
[BlackElo "2495"]
[Annotator "TA"]
[PlyCount "30"]
[EventDate "2018.11.24"]
[EventType "team-tourn"]
[EventCountry "ROU"]
[SourceTitle "playchess.com"]
[Source "ChessBase"]
[SourceQuality "1"]

{[%evp 23,30,43,35,-13,-6,-22,-26,-26,-22]} 1. d4 d6 2. e4 Nf6 3. Nc3 e5 4. Nf3 Nbd7 5. Bc4 Be7 6. O-O O-O 7. Re1 c6 8. a4 a5 9. h3 h6 10. b3 {C41: Philidor Defence} Re8 11. Bb2 Qc7 12. Qd2 Nf8 {LiveBook: 11 Games} 13. dxe5 $146 ({Predecessor:} 13. Rad1 Ng6 14. Bd3 Nh7 15. Ne2 Ng5 {1-0 (80) Navara,D (2705)-Jobava,B (2695) Warsaw 2013}) 13... dxe5 14. Ne2 Bb4 15. c3 Bc5 1/2-1/2

[Event "ROU-chT Men Superliga 2018"]
[Site "Sovata"]
[Date "2018.11.29"]
[Round "6"]
[White "Baltag, Iulian"]
[Black "Ionescu, Constantin"]
[Result "1/2-1/2"]
[WhiteElo "2414"]
[BlackElo "2432"]
[Annotator "TA"]
[PlyCount "99"]
[EventDate "2018.11.24"]
[EventType "team-tourn"]
[EventCountry "ROU"]
[SourceTitle "playchess.com"]
[Source "ChessBase"]
[SourceQuality "1"]

{[%evp 27,99,7,16,23,45,39,34,35,46,20,38,38,27,5,24,19,75,-6,0,0,0,0,-10,-36,0,-22,-19,-101,-84,-91,-85,-74,-68,-58,-56,-66,11,0,0,-89,12,0,12,0,44,0,47,14,0,0,23,39,56,52,68,-187,-106,-185,0,0,0,0,0,0,0,0,0,0,0,0,0,0,0,0]} 1. Nf3 Nf6 2. c4 c5 3. g3 b6 4. Bg2 Bb7 5. O-O g6 6. Nc3 Bg7 7. d4 cxd4 8. Qxd4 d6 9. Rd1 Nbd7 10. Be3 Rc8 11. Rac1 O-O 12. Qh4 Re8 {A30: Symmetrical English: Double Fianchetto and Hedgehog} 13. b3 h5 14. Bh3 a6 {LiveBook: 3 Games} 15. Ng5 {[#]} Rc6 $146 ({Predecessor:} 15... Bc6 16. Nd5 Bxd5 17. cxd5 Rxc1 18. Rxc1 Qa8 19. Bxd7 Nxd7 {0-1 (30) Christiansen,J (2426)-Lalith,B (2593) chess.com INT 2017}) 16. Nge4 Nxe4 17. Nxe4 Nf6 18. Bg2 Ba8 19. Ng5 Rc8 20. Bh3 Rc6 21. a4 d5 (21... e6 $11) 22. Bg2 (22. cxd5 $1 $16 Rxc1 23. Bxc1) 22... Rd6 $11 23. c5 bxc5 24. Bxc5 Rd7 25. b4 Qb8 26. Qf4 e5 27. Qd2 (27. Qf3 $11 {keeps the balance.}) 27... d4 $17 28. e4 Bh6 {White must now prevent ...Nxe4!} 29. Re1 h4 30. gxh4 Nh5 31. Bh3 Rb7 (31... f5 $1 $15) 32. Bf1 $36 {[%mdl 2048] White has good play.} Nf4 33. Kh1 (33. Bxa6 $11 {was the only way to keep the balance.} Rc7 34. Bf1) 33... Qd8 (33... f6 $1 $17 34. Bc4+ (34. Bxa6 fxg5 35. Bxb7 Bxb7 $17) 34... Kg7 35. Bxa6 fxg5 36. Bxb7 Bxb7) 34. Bxa6 {Threatens to win with f3.} Bxg5 35. hxg5 Qxg5 {[%csl Gf4][%cal Rg5g2]} 36. f3 Qh5 37. Qf2 f5 38. Qg3 {aiming for Bxd4.} (38. Bxb7 Bxb7 39. Qf1 fxe4 $14) 38... Rf7 39. Bc4 fxe4 40. fxe4 Ne6 41. Qg2 $2 {[%mdl 8192] [#]} (41. Bd6 $1 $14) 41... Kg7 $1 $19 42. b5 {[#]} (42. Rc2 $17 Qh4 43. Rce2) 42... Nxc5 $2 (42... Nf4 $1 $19 {[%cal Rf4g2]} 43. Qg3 Qf5) 43. Bxf7 $11 {The position is equal.} Nxe4 $1 44. Rc6 (44. Bxe8 $2 {too greedy.} Nf2+ 45. Kg1 Bxg2 $19) 44... Bxc6 45. bxc6 Kxf7 46. Qxe4 {KQR-KQR} Qf5 {Strongly threatening ...Qxe4+.} 47. Qd5+ Kf8 48. Kg1 {Hoping for Rf1.} Qg4+ 49. Kh1 Qf5 50. Kg1 {Precision: White = 29%, Black = 51%.} 1/2-1/2

[Event "ROU-chT Men Superliga 2018"]
[Site "Sovata"]
[Date "2018.11.29"]
[Round "6"]
[White "Moldovan, Daniel"]
[Black "Anton, Teodor"]
[Result "1/2-1/2"]
[WhiteElo "2406"]
[BlackElo "2431"]
[Annotator "TA"]
[PlyCount "37"]
[EventDate "2018.11.24"]
[EventType "team-tourn"]
[EventCountry "ROU"]
[SourceTitle "playchess.com"]
[Source "ChessBase"]
[SourceQuality "1"]

{[%evp 15,37,0,12,9,25,31,17,7,28,6,6,0,0,0,0,0,19,18,17,0,0,0,0,0]} 1. c4 c5 2. Nf3 Nc6 3. d4 cxd4 4. Nxd4 e5 5. Nb5 a6 6. Nd6+ {A30: Symmetrical English: Double Fianchetto and Hedgehog} Bxd6 7. Qxd6 Qf6 8. Qxf6 (8. Qd2 Nge7 9. Nc3 O-O 10. g3 b5 11. c5 Nd4 12. Bg2 Rb8 {0-1 (28) Lagno,K (2556)-Grandelius,N (2647) Caleta 2018}) 8... Nxf6 {LiveBook: 3 Games} 9. Bd2 d6 $146 ({Predecessor:} 9... d5 10. cxd5 Nxd5 11. Nc3 Ndb4 12. O-O-O Be6 {½-½ (29) Strzemiecki,Z (2420)-Doros,R (2338) Iasi 2011}) 10. Nc3 Be6 11. e4 Ke7 12. Rc1 Rhc8 {The position is equal.} 13. Nd5+ Bxd5 $1 14. cxd5 Nd4 {[#] Strongly threatening ...Rxc1+.} 15. Bd3 Rxc1+ 16. Bxc1 Rc8 17. Be3 Nc2+ 18. Kd2 Nxe3 19. Kxe3 1/2-1/2

[Event "ROU-chT Men Superliga 2018"]
[Site "Sovata"]
[Date "2018.11.29"]
[Round "6"]
[White "Macovei, Andrei"]
[Black "Erdos, Viktor"]
[Result "1/2-1/2"]
[WhiteElo "2369"]
[BlackElo "2604"]
[Annotator "TA"]
[PlyCount "42"]
[EventDate "2018.11.24"]
[EventType "team-tourn"]
[EventCountry "ROU"]
[SourceTitle "playchess.com"]
[Source "ChessBase"]
[SourceQuality "1"]

{[%evp 34,42,17,17,36,0,2,0,0,0,4]} 1. e4 e5 2. Nf3 Nc6 3. Bb5 a6 4. Ba4 Nf6 5. O-O b5 6. Bb3 Bb7 7. Re1 Bc5 8. c3 d6 9. d4 Bb6 10. Be3 O-O 11. Nbd2 h6 12. h3 exd4 13. cxd4 Na5 {C78: Ruy Lopez: Archangelsk and Möller Defences} 14. Bc2 Re8 15. Qb1 Nc4 16. Nxc4 bxc4 17. d5 c6 18. Ba4 {LiveBook: 3 Games} Rc8 {[#]} 19. dxc6 $146 ({Predecessor:} 19. Bxb6 Qxb6 {½-½ (63) Gopal,G (2562)-Jones,G (2647) Abu Dhabi 2015}) 19... Bxc6 {The position is equal.} 20. Bxc6 Rxc6 21. Bxb6 Qxb6 1/2-1/2

[Event "ROU-chT Men Superliga 2018"]
[Site "Sovata"]
[Date "2018.11.29"]
[Round "6"]
[White "Stoleriu, George"]
[Black "Ileana, George"]
[Result "1-0"]
[WhiteElo "2362"]
[BlackElo "2318"]
[Annotator "TA"]
[PlyCount "45"]
[EventDate "2018.11.24"]
[EventType "team-tourn"]
[EventCountry "ROU"]
[SourceTitle "playchess.com"]
[Source "ChessBase"]
[SourceQuality "1"]

{[%evp 9,45,0,60,62,66,59,74,69,93,87,83,84,77,80,87,87,74,67,79,83,105,109,183,187,183,200,194,141,199,159,642,641,614,609,637,643,29997,29998]} 1. e4 c5 2. b3 d6 3. Bb2 Nf6 4. Nc3 Nc6 5. Bb5 a6 (5... Bd7 $11) (5... Bd7 6. f4 a6 7. Bxc6 Bxc6 8. Qe2 d5 9. exd5 Nxd5 10. Nh3 Nxc3 11. Bxc3 Qd5 12. O-O O-O-O 13. Ng5 {½-½ (64) Navara,D (2658)-Bu,X (2640) Turin 2006}) 6. Bxc6+ $1 $14 {B20: Sicilian: Unusual White 2nd moves} bxc6 7. f4 Bg4 $146 ({Predecessor:} 7... e6 8. Nf3 d5 9. e5 Nd7 10. d3 Be7 11. O-O Nb6 12. Qd2 a5 13. Ne2 {0-1 (62) Ten Gomez,S (2021)-Bimbatti Dorante,G (2076) Mataro 2015}) 8. Nf3 {White is better.} e6 9. h3 Bxf3 10. Qxf3 d5 11. d3 Be7 12. O-O O-O 13. Na4 Nd7 14. Rae1 {[%cal Ba1e1,Be1e6,Be6d6,Bd6h6][%mdl 32]} Re8 15. f5 {Threatens to win with fxe6.} Bf8 (15... d4 $16 {was called for.}) 16. fxe6 $18 fxe6 17. exd5 exd5 18. Qf7+ Kh8 19. Re6 $40 {[%mdl 128] Hoping for Rd6! White is out for blood.} Rc8 $2 {[#]} (19... d4 $16 20. Bc1 Nf6) 20. Rd6 $3 {[%mdl 512]} Re7 (20... Bxd6 21. Bxg7#) 21. Qf5 Qe8 {[#]} 22. Nb6 $1 {[%mdl 576] Back Rank} Nxb6 23. Rh6 $1 {Accuracy: White = 97%, Black = 27%.} 1-0

[Event "ROU-chT Men Superliga 2018"]
[Site "Sovata"]
[Date "2018.11.29"]
[Round "6"]
[White "Toma, Radu-Cristian"]
[Black "Ognean, Mihnea-Ionut"]
[Result "1-0"]
[WhiteElo "2354"]
[BlackElo "2291"]
[Annotator "TA"]
[PlyCount "73"]
[EventDate "2018.11.24"]
[EventType "team-tourn"]
[EventCountry "ROU"]
[SourceTitle "playchess.com"]
[Source "ChessBase"]
[SourceQuality "1"]

{[%evp 23,73,0,37,0,0,6,0,0,58,58,72,64,166,133,138,125,132,124,163,165,156,164,177,171,163,155,183,196,203,209,208,189,208,186,271,212,270,268,341,335,324,249,347,347,340,325,368,318,549,486,583,567]} 1. d4 Nf6 2. Nf3 e6 3. Bf4 c5 4. c3 d5 5. e3 Nc6 6. Nbd2 Bd6 7. Bg3 O-O 8. Bb5 {D02: 1 d4 d5 2 Nf3 sidelines, including 2...Nf6 3 g3 and 2...Nf6 3 Bf4} Qe7 (8... Be7 9. Bd3 b6 10. O-O Bb7 11. h3 Bd6 12. Bh4 Be7 13. Qb1 h6 14. a3 Nh5 15. Bxe7 Qxe7 {½-½ (64) Carlsen,M (2837)-Wang,H (2709) Riadh 2017}) 9. Bxc6 bxc6 10. Qa4 cxd4 11. cxd4 Bxg3 12. hxg3 Rb8 {LiveBook: 4 Games} 13. Nb3 Ne4 14. O-O Rb6 $146 ({Predecessor:} 14... Rb5 15. Qa3 Qb7 16. Na5 {1-0 (16) Fernandez,D (2498)-Strugnell,C (2288) Coulsdon 2017}) 15. Rfc1 Ba6 ({Better is} 15... f6 $11) 16. Nc5 $14 Bb5 17. Qd1 a5 (17... Ba6 $14) 18. b3 f6 19. Nxe4 dxe4 20. Nd2 Bd3 21. Nc4 Bxc4 22. Rxc4 e5 23. Qc2 exd4 24. Rxd4 Rb4 25. Rad1 (25. Qxc6 $6 Rxd4 26. exd4 Rd8 $16) 25... Rxd4 26. Rxd4 $18 {[%mdl 4096] Endgame KQR-KQR} Rd8 27. Rxe4 ({But not} 27. Qxc6 $6 Rxd4 28. exd4 e3 $16) 27... Qd6 28. Rd4 Qe7 (28... Qc7 {is a better defense.} 29. Ra4 h6) 29. Rh4 g6 30. Qxc6 Rd1+ 31. Kh2 Kg7 32. Re4 Qf7 33. Rd4 Rxd4 34. exd4 {[%cal Be3d4,Bd4d5,Bd5d6][%mdl 32]} g5 {intending ...Qh5+.} 35. Qf3 a4 $2 {[#]} (35... Qa7 {was worth a try.} 36. d5 Qd4) 36. d5 a3 37. d6 {Accuracy: White = 83%, Black = 28%.} 1-0